Ideologically motivated murder (Record no. 178741)
[ view plain ]
| 000 -LEADER | |
|---|---|
| fixed length control field | 02021nam a2200397 a 4500 |
| 082 04 - DEWEY DECIMAL CLASSIFICATION NUMBER | |
| Classification number | 363.3250973 |
| 100 1# - MAIN ENTRY--AUTHOR NAME | |
| Personal name | Caspi, David J., |
| 245 10 - TITLE STATEMENT | |
| Title | Ideologically motivated murder |
| 260 ## - PUBLICATION, DISTRIBUTION, ETC. (IMPRINT) | |
| Place of publication | El Paso : |
| Name of publisher | LFB Scholarly Pub. LLC, |
| Year of publication | 2013. |
| 300 ## - PHYSICAL DESCRIPTION | |
| Number of Pages | xi, 195 p. |
| 490 1# - SERIES STATEMENT | |
| Series statement | Criminal justice recent scholarship |
| 505 0# - FORMATTED CONTENTS NOTE | |
| Formatted contents note | Domestic terrorist threat and research limitations -- Approaches to the study of terrorism -- Social network analysis and the study of terrorism -- The study : white supremacist group networks and lethality -- The players : biographies of core groups of the study -- Findings: social network analysis -- Findings : regression analysis of network characteristics -- Findings : regression analysis of group attributes -- Discussion and conclusion. |
| 650 #0 - SUBJECT ADDED ENTRY--TOPICAL TERM | |
| Topical Term | Domestic terrorism |
| Topical Term | Terrorists |
| Topical Term | White supremacy movements |
| Topical Term | Hate groups |
| Topical Term | Right-wing extremists |
| 856 40 - ELECTRONIC LOCATION AND ACCESS | |
| Uniform Resource Identifier | http://site.ebrary.com/lib/rucke/Doc?id=10659389 |
No items available.
